MARC details
| 000 -CABECERA |
| campo de control de longitud fija |
01232nam a2200265 a 4500 |
| 001 - NÚMERO DE CONTROL |
| campo de control |
000027224 |
| 005 - FECHA Y HORA DE LA ÚLTIMA TRANSACCIÓN |
| campo de control |
20240313182403.0 |
| 008 - DATOS DE LONGITUD FIJA--INFORMACIÓN GENERAL |
| campo de control de longitud fija |
110330s1926 dr c 000 0bspa d |
| 040 ## - FUENTE DE LA CATALOGACIÓN |
| Centro catalogador/agencia de origen |
DO-SdBNP |
| Lengua de catalogación |
spa |
| Centro/agencia transcriptor |
BNPHU |
| 082 ## - NÚMERO DE LA CLASIFICACIÓN DECIMAL DEWEY |
| Número de clasificación |
923.9 |
| Número de documento/Ítem |
C719T, 1926 |
| 100 1# - ENTRADA PRINCIPAL--NOMBRE DE PERSONA |
| Nombre de persona |
Tejera, Emiliano, |
| Fechas asociadas al nombre |
1841-1923 |
| 9 (RLIN) |
24003 |
| 245 14 - MENCIÓN DE TÍTULO |
| Título |
Los restos de Colón en Santo Domingo ; |
| Resto del título |
Los dos restos de Cristóbal Colón / |
| Mención de responsabilidad, etc. |
Emiliano Tejera ; preparada C. Armando Rodríguez por encargo de la Junta Nacional Colombina ; prólogo Federico Henríquez y Carvajal. |
| 250 ## - MENCIÓN DE EDICIÓN |
| Mención de edición |
2a. ed. |
| 260 ## - PUBLICACIÓN, DISTRIBUCIÓN, ETC. |
| Lugar de publicación, distribución, etc. |
Santo Domingo : |
| Nombre del editor, distribuidor, etc. |
Imprenta J. R. Vda García, |
| Fecha de publicación, distribución, etc. |
1926. |
| 300 ## - DESCRIPCIÓN FÍSICA |
| Extensión |
273 p. : |
| Otras características físicas |
facsím., retr. ; |
| Dimensiones |
26 cm. |
| 500 ## - NOTA GENERAL |
| Nota general |
Incluye índice analítico e índice de materias. |
| 502 ## - NOTA DE TESIS |
| Nota de tesis |
Publicado con: Los dos restos de Cristóbal Colón. |
| 563 ## - NOTA DE ENCUADERNACIÓN |
| Nota de encuadernación |
Dos obras publicadas juntas con paginación continua. |
| 600 #0 - PUNTO DE ACCESO ADICIONAL DE MATERIA--NOMBRE DE PERSONA |
| Nombre de persona |
COLÓN, CRISTOBAL, |
| Fechas asociadas al nombre |
1436-1456 |
| 9 (RLIN) |
19795 |
| 650 #4 - PUNTO DE ACCESO ADICIONAL DE MATERIA--TÉRMINO DE MATERIA |
| Término de materia o nombre geográfico como elemento de entrada |
República dominicana |
| Subdivisión general |
Historia |
| 9 (RLIN) |
416 |
| 700 12 - PUNTO DE ACCESO ADICIONAL--NOMBRE DE PERSONA |
| Nombre de persona |
Tejera, D. Emilio, |
| Fechas asociadas al nombre |
1841-1923 |
| Título de la obra |
Los dos restos de Cristóbal Colón |
| 9 (RLIN) |
46472 |
| 700 12 - PUNTO DE ACCESO ADICIONAL--NOMBRE DE PERSONA |
| Nombre de persona |
Henríquez i Carvajal, Federico, |
| Fechas asociadas al nombre |
1848-1952 |
| Término indicativo de función/relación |
pról. |
| 9 (RLIN) |
7792 |
| 700 1# - PUNTO DE ACCESO ADICIONAL--NOMBRE DE PERSONA |
| Nombre de persona |
Rodríguez, C. Armando |
| 9 (RLIN) |
26133 |
| 910 ## - DATOS DE OPCIÓN DEL USUARIO (OCLC) |
| Datos de opción del usuario |
Validado. Control de calidad MMOLINA |